00000000nam##2200000za#4500
0019.657893
003CaOODSP
00520230202144025
007ta
008150407|1993||||xxc|||||     f|0| 0 eng|d
020 |a0-662-61980-3
040 |aCaOODSP|beng
041 |aeng
041 |afre
043 |an-cn---
0861 |aH72-21/87-1995
1102 |aNational Clearinghouse on Family Violence (Canada)‏.
24510|aMaking the decision to care : |bguys and sexual assault / |cby Frederick Mathews.
260 |aOttawa - Ontario : |bHealth Canada. |c1993, revised 1995.
300 |aEnglish text, 10p. : |bfig., references ; |c23 cm.
500 |a"This booklet is for teen males who have committed a sexual offense or who are thinking about doing it. It contains information to help you understand what a sexual offense is, why you did it or why you may be thinking about doing it, and how you can stop yourself from doing it again."--Introduction.
5203 |aThis booklet is for teen males who have committed a sexual offense or who are thinking about doing it. It contains information to help you understand what a sexual offense is, why you did it or why you may be thinking about doing it, and how you can stop yourself from doing it again.--Introduction
546 |aBilingual
563 |aSoftcover
590 |a96-08|b1996-02-23
69007|aSexual offenses|2gcpds
69007|aAdolescents|2gcpds
7201 |aMathews, Frederick
7201 |aFrappier, Jean-Yves
7760#|tDécider de réagir : |w(CaOODSP)9.639859
7760#|tMaking the decision to care : |w(CaOODSP)9.695736
792 |tDécider de réagir : |efre|w(CaOODSP)9.657894